Statystyki dla Tabela Ligue 1 2018/19

Kliknij tutaj aby rozwiązać quiz!

Ogólne statystyki

  • Ten quiz został rozwiązany 45 razy
  • Średni wynik to 5 z 20

Statystyki odpowiedzi

HintOdpowiedź% Poprawnych
1PSG
100%
17AS Monaco
74%
3Olympique Lyon
57%
5Olympique Marsylia
52%
2Lille OSC
31%
7OGC Nice
29%
10Stade Rennes
24%
12FC Nantes
19%
8Stade de Reims
19%
6Montpellier HSC
17%
4AS Saint-Etienne
14%
14Girondins Bordeaux
12%
11RC Strasbourg
12%
15Amiens SC
10%
13Angers SCO
10%
9Nimes Olympique
10%
18Dijon FCO
7%
16Toulouse FC
7%
20EA Guingamp
2%
19SM Caen
2%

Rozkład punktacji

Percentyl według liczby udzielonych odpowiedzi

Procent ludzi z każdym wynikiem

Twoja historia wyników

Nie rozwiązałeś tego quizu